000 00903nac a22002291u 4500
010 _a 2004053439
020 _a013092654X
082 0 0 _a301.072
_bDOR
090 _c8142
_d8142
100 _aDorsten, Linda Eberst.
245 1 0 _aResearch methods and society :
_bfoundations of social inquiry /
_cLinda Eberst Dorsten and Lawrence Hotchkiss.
260 _aUpper Saddle River, NJ :
_bPearson Prentice Hall,c.2005
_c2005
300 _a392p.:
_bill.;
_c23 cm.
500 _aDistributer: Baccah.
504 _aIncludes bibliographical references and index.
511 _aCatalogued By: wessam
650 0 _aSociology
_xResearch
_xMethodology.
650 0 _aSocial sciences
_xResearch
_xMethodology.
700 1 _aHotchkiss, Lawrence.
942 _cTB
_k301.072DOR
999 _c8142
_d8142